00517 2200169 4500001002100000008004100021035002000062245010700082100002000189260004000209300001300249020002200262084001900284082001000303650001400313990002000327INLIS000000000002649 ind  a0010-0425000005 aEndiklopedia matematika pengukuran : referensi dan petunjuk untuk pemahaman matematikacRetna Maslikah aRetna, Maslikah aSidoarjo :bCitra Adi Bangsa,c2010 a236 hlm. a978-602-8224-27-7 aR. 510.3 Ret e a510.3 aReferensi a7/R/SMPN7SBY/16